000
00283nam a22001217a 4500
008
180829b xxu||||| |||| 00| 0 eng d
041
_a
eng
080
_a
004
100
_a
28
101
_a
SHKI
245
_a
Applied and Computational Complex Analysis
_c
Henrici, P
942
_2
udc
_c
BK
999
_c
47397
_d
47397